[Event "MVP-ch Seniors op 11th"]
[Site "Binz"]
[Date "2011.12.05"]
[Round "6.72"]
[White "Vogel, Wolfgang"]
[Black "Molsner, Heinz"]
[Result "1-0"]
[WhiteElo "1550"]
[BlackElo "1498"]
[PlyCount "107"]
[EventDate "2011.11.30"]
[EventType "swiss"]
[EventRounds "9"]
[EventCountry "GER"]
[SourceTitle "EXT 2013"]
[Source "ChessBase"]
[SourceDate "2012.11.22"]
[SourceVersion "1"]
[SourceVersionDate "2012.11.22"]
[SourceQuality "1"]

1. e4 e5 2. Nf3 Nc6 3. Bb5 d6 4. c3 Bd7 5. 0-0 a6 6. Ba4 b5 7. Bb3 Be7 8. Re1 Nf6 9. h3 0-0 10. d4 Qc8 11. Nh2 Qb7 12. d5 Na5 13. Bc2 c6 14. dxc6 Bxc6 15. Nd2 Qc8 16. Ndf1 Nb7 17. Ng3 Bd7 18. Qf3 Re8 19. Bg5 Nd8 20. Rad1 Qc7 21. Qd3 Nb7 22. Bxf6 Bxf6 23. Ng4 Bg5 24. Ne3 Bxe3 25. Qxe3 Re6 26. Bb3 Rg6 27. Bd5 Bc6 28. Nf5 Bxd5 29. Rxd5 Re8 30. Red1 Ree6 31. Qa7 h6 32. Qxa6 Nc5 33. Qa8+ Kh7 34. f3 Nd7 35. Qa6 b4 36. cxb4 Nb6 37. R5d3 d5 38. Qb5 Rc6 39. exd5 Rc1 40. Ne3 Rxd1+ 41. Rxd1 Rd6 42. Qc5 Qd8 43. Nf5 Rf6 44. Ne3 Na4 45. Qc2+ Rg6 46. Qxa4 Qg5 47. Qb3 Qf4 48. d6 Qxf3 49. Ng4 Qa8 50. d7 Qd8 51. Qxf7 h5 52. Qe8 Qb6+ 53. Kh1 hxg4 54. d8Q 1-0

[Event "MVP-ch Seniors op 11th"]
[Site "Binz"]
[Date "2011.12.04"]
[Round "5.55"]
[White "Vogel, Wolfgang"]
[Black "Wicklund Hansen, Richard"]
[Result "0-1"]
[WhiteElo "1550"]
[BlackElo "1893"]
[PlyCount "66"]
[EventDate "2011.11.30"]
[EventType "swiss"]
[EventRounds "9"]
[EventCountry "GER"]
[SourceTitle "EXT 2013"]
[Source "ChessBase"]
[SourceDate "2012.11.22"]
[SourceVersion "1"]
[SourceVersionDate "2012.11.22"]
[SourceQuality "1"]

1. e4 g6 2. d4 Bg7 3. c4 d6 4. Nc3 a6 5. Be3 f5 6. f3 Nf6 7. Bd3 fxe4 8. Nxe4 Nc6 9. Nxf6+ Bxf6 10. Ne2 e5 11. d5 Ne7 12. 0-0 Nf5 13. Bxf5 gxf5 14. Nc3 Qe7 15. f4 Rg8 16. Qh5+ Rg6 17. Rae1 Qf7 18. Kh1 e4 19. Qd1 Qg7 20. Qd2 Bd7 21. Rd1 0-0-0 22. Rg1 Rg8 23. g3 Qh6 24. Qf2 Qg7 25. Bd4 Be8 26. Bxf6 Rxf6 27. Qd4 Kb8 28. h3 Qh6 29. Kh2 Bh5 30. Rde1 Bf3 31. h4 Rfg6 32. Qf2 Rxg3 33. Rxg3 Qxh4+ 0-1

[Event "Mecklenburg VP LL2 Ost 0708"]
[Site "Mecklenburg VP"]
[Date "2008.04.06"]
[Round "8.8"]
[White "Mayerhoff, Lothar"]
[Black "Vogel, Wolfgang"]
[Result "0-1"]
[WhiteElo "1595"]
[BlackElo "1586"]
[PlyCount "56"]
[EventDate "2007.10.21"]
[EventType "team-tourn"]
[EventRounds "9"]
[EventCountry "GER"]
[SourceTitle "EXT 2016"]
[Source "ChessBase"]
[SourceDate "2015.10.08"]
[SourceVersion "1"]
[SourceVersionDate "2015.10.08"]
[SourceQuality "1"]
[WhiteTeam "Waren"]
[BlackTeam "Pasewalk"]
[WhiteTeamCountry "GER"]
[BlackTeamCountry "GER"]

1. d4 Nf6 2. Nf3 d5 3. c4 g6 4. Nc3 Bg7 5. e3 0-0 6. Bd3 c5 7. 0-0 cxd4 8. Nxd5 Nxd5 9. cxd5 dxe3 10. Bxe3 Qxd5 11. Qe2 Bg4 12. Bc4 Bxf3 13. gxf3 Qh5 14. Rab1 Nc6 15. f4 Qxe2 16. Bxe2 b6 17. b4 Nd4 18. Ba6 Rad8 19. Rfc1 Nf3+ 20. Kg2 Nd2 21. Bxd2 Rxd2 22. Bc4 Rfd8 23. Kg3 e6 24. h4 h5 25. a4 R8d4 26. Bb5 Bh6 27. Rc4 Bxf4+ 28. Kf3 Bd6 0-1

[Event "Mecklenburg VP LL2 Ost 0708"]
[Site "Mecklenburg VP"]
[Date "2007.11.25"]
[Round "3.7"]
[White "Vogel, Wolfgang"]
[Black "Windjaeger, Gerd"]
[Result "1-0"]
[WhiteElo "1586"]
[BlackElo "1388"]
[PlyCount "55"]
[EventDate "2007.10.21"]
[EventType "team-tourn"]
[EventRounds "9"]
[EventCountry "GER"]
[SourceTitle "EXT 2016"]
[Source "ChessBase"]
[SourceDate "2015.10.08"]
[SourceVersion "1"]
[SourceVersionDate "2015.10.08"]
[SourceQuality "1"]
[WhiteTeam "Pasewalk"]
[BlackTeam "Wolgast Motor"]
[WhiteTeamCountry "GER"]
[BlackTeamCountry "GER"]

1. e4 c6 2. d4 d5 3. Nc3 dxe4 4. Nxe4 Nd7 5. Nf3 Ngf6 6. Nxf6+ Nxf6 7. c3 Qc7 8. Bc4 e6 9. Qe2 Bd6 10. Bd2 0-0 11. 0-0-0 b5 12. Bd3 a6 13. Ne5 c5 14. Kb1 Bxe5 15. dxe5 Nd5 16. Qe4 f5 17. exf6 Nxf6 18. Qxa8 Bb7 19. Bf4 Qb6 20. Qxf8+ Kxf8 21. f3 c4 22. Bc2 g6 23. Rd4 Bd5 24. a3 Kf7 25. h4 Nd7 26. h5 Nf6 27. hxg6+ hxg6 28. Rh6 1-0

[Event "GER-ch Seniors Gp-B 19th"]
[Site "Templin"]
[Date "2007.08.26"]
[Round "4"]
[White "Roggenbach, Ottomar"]
[Black "Vogel, Wolfgang"]
[Result "1/2-1/2"]
[WhiteElo "1648"]
[BlackElo "1590"]
[PlyCount "35"]
[EventDate "2007.08.23"]
[EventType "swiss"]
[EventRounds "9"]
[EventCountry "GER"]
[SourceTitle "EXT 2022"]
[Source "ChessBase"]
[SourceDate "2021.10.06"]
[SourceVersion "1"]
[SourceVersionDate "2021.10.06"]
[SourceQuality "1"]

1. e4 e5 2. Nf3 Nc6 3. d4 exd4 4. Bc4 Be7 5. c3 Nf6 6. e5 Ne4 7. cxd4 d5 8. Bb5 0-0 9. Bxc6 bxc6 10. 0-0 c5 11. Be3 cxd4 12. Nxd4 c5 13. Nc6 Qc7 14. Nxe7+ Qxe7 15. Qxd5 Bb7 16. Qc4 Qxe5 17. Nc3 Nxc3 18. Qxc3 1/2-1/2

[Event "GER-ch Seniors Gp-B 19th"]
[Site "Templin"]
[Date "2007.08.23"]
[Round "1"]
[White "Vogel, Wolfgang"]
[Black "Kirchner, Holger"]
[Result "1-0"]
[WhiteElo "1590"]
[BlackElo "1114"]
[PlyCount "59"]
[EventDate "2007.08.23"]
[EventType "swiss"]
[EventRounds "9"]
[EventCountry "GER"]
[SourceTitle "EXT 2022"]
[Source "ChessBase"]
[SourceDate "2021.10.06"]
[SourceVersion "1"]
[SourceVersionDate "2021.10.06"]
[SourceQuality "1"]

1. e4 c6 2. d4 d5 3. Nc3 dxe4 4. Nxe4 Nf6 5. Nxf6+ exf6 6. c3 Be6 7. Nf3 Nd7 8. Bd3 Qc7 9. 0-0 Be7 10. Re1 0-0-0 11. a4 f5 12. a5 Rde8 13. Qc2 g6 14. Bd2 Bd5 15. a6 b6 16. Ne5 Nxe5 17. dxe5 Be6 18. c4 f6 19. Bc3 Ref8 20. exf6 Bxf6 21. Bxf6 Rxf6 22. Qc3 Qd8 23. Rad1 Qe7 24. Bc2 c5 25. h3 Qf7 26. Rd6 Kc7 27. Qe5 Kc8 28. Rc6+ Kd8 29. Qb8+ Ke7 30. Qd6+ 1-0

[Event "Niedersachsen-ch Seniors op 10th"]
[Site "Bad Bevensen"]
[Date "2007.07.06"]
[Round "4"]
[White "Vogel, Wolfgang"]
[Black "Semmler, Guenter"]
[Result "0-1"]
[WhiteElo "1585"]
[BlackElo "1930"]
[PlyCount "102"]
[EventDate "2007.07.03"]
[EventType "swiss"]
[EventRounds "9"]
[EventCountry "GER"]
[SourceTitle "EXT 2022"]
[Source "ChessBase"]
[SourceDate "2021.10.06"]
[SourceVersion "1"]
[SourceVersionDate "2021.10.06"]
[SourceQuality "1"]

1. e4 d6 2. d4 Nf6 3. f3 Nbd7 4. c4 e5 5. d5 Be7 6. Nc3 c6 7. Be3 Qa5 8. Qd2 0-0 9. Bd3 Rd8 10. Nge2 Nf8 11. h4 Bd7 12. h5 a6 13. b4 Qc7 14. a4 a5 15. b5 Rdc8 16. g4 cxb5 17. cxb5 Be8 18. Rc1 Qd8 19. Ng3 N6d7 20. Nf5 Nc5 21. Nxe7+ Qxe7 22. Ke2 Nb3 23. Qb2 Nxc1+ 24. Qxc1 Qc7 25. Bd2 Nd7 26. Qe1 Nb6 27. h6 g6 28. Qh4 Nd7 29. Rc1 Qd8 30. Bg5 f6 31. Bd2 g5 32. Qf2 Nc5 33. Be3 b6 34. Rc2 Rab8 35. Qe1 Nxd3 36. Kxd3 Qc7 37. Qc1 Qc4+ 38. Kd2 Qc7 39. Ke1 Qb7 40. Kf2 Bg6 41. Kg3 Rc4 42. Kh3 Rbc8 43. Kg2 Qc7 44. Bd2 Rd4 45. Kf2 Rd3 46. Ke2 Qc4 47. Kf2 Rc7 48. Kg2 Qc5 49. Kg3 Kf7 50. Kg2 Ke7 51. Kg3 Bxe4 0-1

[Event "Mecklenburg VP LL1 0607"]
[Site "Mecklenburg VP"]
[Date "2007.04.22"]
[Round "9.5"]
[White "Onasch, Gunnar"]
[Black "Vogel, Wolfgang"]
[Result "1-0"]
[WhiteElo "1854"]
[BlackElo "1637"]
[PlyCount "93"]
[EventDate "2006.10.15"]
[EventType "team"]
[EventRounds "9"]
[EventCountry "GER"]
[SourceTitle "EXT 2008"]
[Source "ChessBase"]
[SourceDate "2007.11.25"]
[SourceVersion "1"]
[SourceVersionDate "2007.11.25"]
[SourceQuality "1"]
[WhiteTeam "Wolgast Motor"]
[BlackTeam "Pasewalk"]
[WhiteTeamCountry "GER"]
[BlackTeamCountry "GER"]

1. d4 Nf6 2. c4 g6 3. Nc3 d5 4. Bf4 c6 5. e3 Bg7 6. Bd3 0-0 7. Nf3 dxc4 8. Bxc4 Nd5 9. Bg3 Nxc3 10. bxc3 Nd7 11. 0-0 Qa5 12. Rc1 e5 13. e4 exd4 14. cxd4 Nf6 15. Re1 Re8 16. Qb3 Rxe4 17. Rxe4 Nxe4 18. Bxf7+ Kh8 19. Be5 Nd2 20. Qb2 Nxf3+ 21. gxf3 h6 22. d5 Bh3 23. Bxg7+ Kh7 24. Qf6 Bf5 25. Be6 Bxe6 26. dxe6 Rg8 27. e7 Re8 28. Bf8 Qg5+ 29. Qxg5 hxg5 30. Rd1 Kg8 31. Rd8 Kf7 32. Rd7 b5 33. Rxa7 Rc8 34. Rd7 Ke8 35. Rd8+ Rxd8 36. exd8Q+ Kxd8 37. Kg2 Kd7 38. Kg3 Ke6 39. Kg4 Kd5 40. Kxg5 c5 41. Bxc5 Kxc5 42. Kxg6 Kb4 43. h4 Ka3 44. h5 Kxa2 45. h6 b4 46. h7 b3 47. h8Q 1-0

[Event "Mecklenburg VP LL1 0607"]
[Site "Mecklenburg VP"]
[Date "2007.01.28"]
[Round "5.7"]
[White "Vogel, Wolfgang"]
[Black "Piralizai, Kharoon"]
[Result "0-1"]
[WhiteElo "1637"]
[BlackElo "1740"]
[PlyCount "108"]
[EventDate "2006.10.15"]
[EventType "team"]
[EventRounds "9"]
[EventCountry "GER"]
[SourceTitle "EXT 2008"]
[Source "ChessBase"]
[SourceDate "2007.11.25"]
[SourceVersion "1"]
[SourceVersionDate "2007.11.25"]
[SourceQuality "1"]
[WhiteTeam "Pasewalk"]
[BlackTeam "Waren"]
[WhiteTeamCountry "GER"]
[BlackTeamCountry "GER"]

1. e4 c5 2. Nf3 Nc6 3. d4 cxd4 4. Nxd4 Nf6 5. Nc3 Qa5 6. Nb3 Qe5 7. Bd3 e6 8. 0-0 Bb4 9. Bd2 0-0 10. Kh1 a6 11. f4 Qc7 12. e5 Ne8 13. Qe1 g6 14. Qg3 d5 15. Rae1 Ng7 16. f5 Bxc3 17. bxc3 exf5 18. Bh6 Re8 19. Bxg7 Kxg7 20. Bxf5 Rxe5 21. Rxe5 Qxe5 22. Qxe5+ Nxe5 23. Bd3 Be6 24. Nd4 Rc8 25. Ne2 Bg4 26. Nf4 Nxd3 27. cxd3 Rxc3 28. h3 Be6 29. Re1 Kf6 30. Rf1 Ke7 31. Re1 Kf6 32. Rf1 Ke5 33. d4+ Kd6 34. Kg1 Rc2 35. Rf2 Rxf2 36. Kxf2 Bf5 37. g4 Bb1 38. a3 b5 39. g5 a5 40. Ke3 b4 41. axb4 axb4 42. Kd2 Kc6 43. Kc1 Be4 44. Kb2 Kb5 45. Kb3 Bf3 46. Nd3 Bd1+ 47. Kb2 Kc4 48. Ne5+ Kxd4 49. Nc6+ Kc5 50. Ne5 d4 51. Nxf7 d3 52. Kc1 b3 53. Ne5 Kd4 54. Nc6+ Kc3 0-1

[Event "Mecklenburg VP LL1 0607"]
[Site "Mecklenburg VP"]
[Date "2006.10.15"]
[Round "1.7"]
[White "Vogel, Wolfgang"]
[Black "Jacobs, Hans Juergen"]
[Result "1/2-1/2"]
[WhiteElo "1637"]
[BlackElo "1920"]
[PlyCount "42"]
[EventDate "2006.10.15"]
[EventType "team"]
[EventRounds "9"]
[EventCountry "GER"]
[SourceTitle "EXT 2008"]
[Source "ChessBase"]
[SourceDate "2007.11.25"]
[SourceVersion "1"]
[SourceVersionDate "2007.11.25"]
[SourceQuality "1"]
[WhiteTeam "Pasewalk"]
[BlackTeam "Stralsund FHSG II"]
[WhiteTeamCountry "GER"]
[BlackTeamCountry "GER"]

1. e4 c6 2. d4 d5 3. Nc3 dxe4 4. Nxe4 Nd7 5. Nf3 Ngf6 6. Nxf6+ Nxf6 7. Bc4 e6 8. 0-0 Bd6 9. Re1 0-0 10. c3 b6 11. Bb3 c5 12. Be3 Qc7 13. dxc5 Bxc5 14. Bxc5 Qxc5 15. Qd4 Qxd4 16. Nxd4 Bb7 17. Rad1 Rad8 18. Nb5 a6 19. Nd6 Bc6 20. Nc4 b5 21. Ne5 Bd5 1/2-1/2

[Event "Niedersachsen-ch Seniors op 09th"]
[Site "Bad Bevensen"]
[Date "2006.06.29"]
[Round "6"]
[White "Boehm, Karl1111"]
[Black "Vogel, Wolfgang"]
[Result "1/2-1/2"]
[WhiteElo "1609"]
[BlackElo "1637"]
[PlyCount "46"]
[EventDate "2006.06.24"]
[EventType "swiss"]
[EventRounds "9"]
[EventCountry "GER"]
[SourceTitle "EXT 2022"]
[Source "ChessBase"]
[SourceDate "2021.10.06"]
[SourceVersion "1"]
[SourceVersionDate "2021.10.06"]
[SourceQuality "1"]

1. d4 Nf6 2. Nf3 g6 3. Nbd2 d5 4. e3 Bg7 5. Bd3 0-0 6. 0-0 c5 7. c3 cxd4 8. exd4 Nc6 9. Re1 Re8 10. Nf1 Bg4 11. h3 Bxf3 12. Qxf3 Rc8 13. Bf4 a6 14. Re2 b5 15. a3 Na5 16. Nd2 Nc4 17. Nb3 Nh5 18. Rae1 Nxf4 19. Qxf4 Qc7 20. Qxc7 Rxc7 21. f4 Bf6 22. g3 Kf8 23. Kg2 h5 1/2-1/2

[Event "Mecklenburg VP LL1 0506"]
[Site "Mecklenburg VP"]
[Date "2006.01.29"]
[Round "6.7"]
[White "Vogel, Wolfgang"]
[Black "Schmidt, Thomas"]
[Result "1-0"]
[WhiteElo "1644"]
[BlackElo "1343"]
[PlyCount "95"]
[EventDate "2005.10.23"]
[EventType "team"]
[EventRounds "9"]
[EventCountry "GER"]
[SourceTitle "EXT 2008"]
[Source "ChessBase"]
[SourceDate "2007.11.25"]
[SourceVersion "1"]
[SourceVersionDate "2007.11.25"]
[SourceQuality "1"]
[WhiteTeam "Pasewalk"]
[BlackTeam "Greifswald II"]
[WhiteTeamCountry "GER"]
[BlackTeamCountry "GER"]

1. e4 d5 2. exd5 Nf6 3. Nc3 Nxd5 4. Ne4 e6 5. Nf3 Be7 6. d4 Nd7 7. Bc4 N7f6 8. Qe2 Nxe4 9. Qxe4 Nf6 10. Qe2 c6 11. 0-0 Qc7 12. Re1 Nd5 13. Bb3 h6 14. c4 Nf6 15. h3 0-0 16. Bd2 c5 17. Rad1 cxd4 18. Nxd4 Bd7 19. Bc2 Bc5 20. Nf3 Bc6 21. Ne5 Be8 22. Bc3 Bd6 23. Ng4 Nxg4 24. Qxg4 f5 25. Qd4 Bc5 26. Qe5 Qxe5 27. Rxe5 Bb6 28. Rxe6 Bc5 29. b4 Bf7 30. Re5 Bb6 31. Re7 Rac8 32. c5 a5 33. a3 axb4 34. axb4 Rc7 35. Rxc7 Bxc7 36. Rd7 Bf4 37. Rxb7 Re8 38. Bxf5 Be5 39. Bxe5 Rxe5 40. Rb8+ Re8 41. Rxe8+ Bxe8 42. Be4 Bd7 43. c6 Bc8 44. b5 Kf8 45. b6 Ke7 46. b7 Kd8 47. b8Q g6 48. Qd6+ 1-0

[Event "Mecklenburg VP LL1 0506"]
[Site "Mecklenburg VP"]
[Date "2006.01.15"]
[Round "5.8"]
[White "Vogel, Wolfgang"]
[Black "Isigkeit, Hans Juergen"]
[Result "1/2-1/2"]
[WhiteElo "1644"]
[BlackElo "1676"]
[PlyCount "96"]
[EventDate "2005.10.23"]
[EventType "team"]
[EventRounds "9"]
[EventCountry "GER"]
[SourceTitle "EXT 2008"]
[Source "ChessBase"]
[SourceDate "2007.11.25"]
[SourceVersion "1"]
[SourceVersionDate "2007.11.25"]
[SourceQuality "1"]
[WhiteTeam "Pasewalk"]
[BlackTeam "Stralsund FHSG II"]
[WhiteTeamCountry "GER"]
[BlackTeamCountry "GER"]

1. e4 c5 2. Nc3 Nc6 3. g3 d6 4. Bg2 Nf6 5. d3 e6 6. Be3 Be7 7. Qd2 a6 8. Nge2 0-0 9. 0-0 Qc7 10. f4 b5 11. h3 b4 12. Nd1 Bb7 13. g4 h6 14. Ng3 e5 15. g5 exf4 16. Bxf4 hxg5 17. Bxg5 Nh7 18. Bf4 Ne5 19. Nf5 Ng6 20. c3 Nxf4 21. Nxe7+ Qxe7 22. Qxf4 a5 23. Ne3 Qe5 24. Nf5 Qxf4 25. Rxf4 Rfd8 26. Raf1 f6 27. Rg4 Rd7 28. h4 Nf8 29. h5 Kh7 30. Kf2 Ne6 31. Ke3 Ng5 32. Rh4 Re8 33. Kd2 d5 34. exd5 Bxd5 35. Bxd5 Rxd5 36. d4 cxd4 37. cxb4 axb4 38. Rxd4 Rxd4+ 39. Nxd4 Ra8 40. Ra1 Kh6 41. Nf5+ Kxh5 42. Kd3 Kg6 43. Nd4 Kf7 44. Kc4 Ne4 45. Kxb4 Rb8+ 46. Nb5 g5 47. a4 f5 48. Kc4 g4 1/2-1/2

[Event "Mecklenburg VP LL1 0506"]
[Site "Mecklenburg VP"]
[Date "2005.12.11"]
[Round "4.7"]
[White "Vogel, Wolfgang"]
[Black "Laqua, Stefan"]
[Result "1-0"]
[WhiteElo "1644"]
[BlackElo "1447"]
[PlyCount "93"]
[EventDate "2005.10.23"]
[EventType "team"]
[EventRounds "9"]
[EventCountry "GER"]
[SourceTitle "EXT 2008"]
[Source "ChessBase"]
[SourceDate "2007.11.25"]
[SourceVersion "1"]
[SourceVersionDate "2007.11.25"]
[SourceQuality "1"]
[WhiteTeam "Pasewalk"]
[BlackTeam "Torgelow II"]
[WhiteTeamCountry "GER"]
[BlackTeamCountry "GER"]

1. e4 e6 2. d4 d5 3. Nc3 Bb4 4. e5 c5 5. a3 Bxc3+ 6. bxc3 Qc7 7. Qg4 Ne7 8. Qxg7 Rg8 9. Qxh7 cxd4 10. Ne2 dxc3 11. f4 Bd7 12. Qd3 Nbc6 13. Rb1 Nf5 14. g4 Nh4 15. h3 0-0-0 16. Qxc3 d4 17. Qc5 Nxe5 18. Qxc7+ Kxc7 19. fxe5 Bc6 20. Rg1 Nf3+ 21. Kf2 Nxg1 22. Kxg1 d3 23. cxd3 Rxd3 24. Nf4 Rd1 25. Kf2 Rgd8 26. Be2 R8d2 27. Bxd2 Rxb1 28. Bb4 Rb2 29. Kg3 Rb3+ 30. Kh4 b6 31. Kg5 Be4 32. h4 Re3 33. h5 Kd7 34. Kf6 a5 35. Bd6 Ke8 36. h6 Bh7 37. Kg7 Be4 38. Bb5+ Kd8 39. Be2 Ke8 40. h7 Bxh7 41. Kxh7 Re4 42. Bb5+ Kd8 43. Nxe6+ fxe6 44. g5 Rg4 45. g6 Rh4+ 46. Kg7 Rg4 47. Kf7 1-0

[Event "Mecklenburg VP LL1 0506"]
[Site "Mecklenburg VP"]
[Date "2005.11.27"]
[Round "3.7"]
[White "Hiltner, Harald"]
[Black "Vogel, Wolfgang"]
[Result "1/2-1/2"]
[WhiteElo "1574"]
[BlackElo "1644"]
[PlyCount "49"]
[EventDate "2005.10.23"]
[EventType "team"]
[EventRounds "9"]
[EventCountry "GER"]
[SourceTitle "EXT 2008"]
[Source "ChessBase"]
[SourceDate "2007.11.25"]
[SourceVersion "1"]
[SourceVersionDate "2007.11.25"]
[SourceQuality "1"]
[WhiteTeam "Saal Waterkant"]
[BlackTeam "Pasewalk"]
[WhiteTeamCountry "GER"]
[BlackTeamCountry "GER"]

1. e4 e5 2. Nf3 Nc6 3. d4 exd4 4. Nxd4 Qf6 5. Nxc6 Qxc6 6. Bd3 Bb4+ 7. Bd2 Bxd2+ 8. Qxd2 Qf6 9. Nc3 c6 10. 0-0 d6 11. Rfe1 Be6 12. Qe3 Qe7 13. Qg3 g6 14. Rad1 0-0-0 15. b3 h5 16. h4 Nf6 17. Qg5 Ng8 18. Qxe7 Nxe7 19. f3 Rd7 20. Ne2 d5 21. Nf4 dxe4 22. Bxe4 Bf5 23. Rxd7 Kxd7 24. Kf2 Bxe4 25. Rxe4 1/2-1/2

[Event "Mecklenburg VP LL1 0506"]
[Site "Mecklenburg VP"]
[Date "2005.10.23"]
[Round "1.7"]
[White "Vogel, Wolfgang"]
[Black "Buehrig, Daniel"]
[Result "0-1"]
[WhiteElo "1644"]
[BlackElo "1669"]
[PlyCount "74"]
[EventDate "2005.10.23"]
[EventType "team"]
[EventRounds "9"]
[EventCountry "GER"]
[SourceTitle "EXT 2008"]
[Source "ChessBase"]
[SourceDate "2007.11.25"]
[SourceVersion "1"]
[SourceVersionDate "2007.11.25"]
[SourceQuality "1"]
[WhiteTeam "Pasewalk"]
[BlackTeam "Neubrandenburg SG Eintracht II"]
[WhiteTeamCountry "GER"]
[BlackTeamCountry "GER"]

1. e4 e5 2. Nf3 Nc6 3. Bb5 Bc5 4. c3 a6 5. Ba4 b5 6. Bb3 f5 7. d4 exd4 8. cxd4 Bb4+ 9. Nc3 Bxc3+ 10. bxc3 fxe4 11. Ng5 d5 12. 0-0 Nf6 13. a4 b4 14. c4 dxc4 15. Bxc4 Qxd4 16. Bf7+ Ke7 17. Qc2 Qc3 18. Qa2 Nd4 19. Bb2 Qc5 20. Nxe4 Nxe4 21. Bd5 Ne2+ 22. Kh1 Nxf2+ 23. Rxf2 Qxf2 24. Qc4 c5 25. Qe4+ Kd8 26. Bxa8 Re8 27. Rd1+ Nd4 28. Qd5+ Bd7 29. Qg5+ Re7 30. Bxd4 cxd4 31. h3 b3 32. Qd2 Qxd2 33. Rxd2 d3 34. a5 Re2 35. Rd1 b2 36. Bd5 Ba4 37. Rxd3 b1Q+ 0-1

[Event "Hessen-ch Seniors op 01st"]
[Site "Bad Sooden-Allendorf"]
[Date "2005.04.24"]
[Round "3"]
[White "Wotschke, Claus"]
[Black "Vogel, Wolfgang"]
[Result "1-0"]
[WhiteElo "1532"]
[BlackElo "1654"]
[PlyCount "57"]
[EventDate "2005.04.22"]
[EventType "swiss"]
[EventRounds "9"]
[EventCountry "GER"]
[SourceTitle "EXT 2007"]
[Source "ChessBase"]
[SourceDate "2006.11.23"]
[SourceVersion "1"]
[SourceVersionDate "2006.11.23"]
[SourceQuality "1"]

1. d4 Nf6 2. Nf3 g6 3. e3 d5 4. Bd3 c5 5. c3 cxd4 6. cxd4 Bg7 7. 0-0 0-0 8. Re1 Nc6 9. Nbd2 Re8 10. h3 Nb4 11. Bb1 Bd7 12. a3 Nc6 13. e4 e5 14. dxe5 Nxe5 15. Nxe5 Rxe5 16. Nf3 Rh5 17. Bg5 Qa5 18. b4 Qc7 19. e5 Ne4 20. Bxe4 dxe4 21. Rxe4 Rc8 22. h4 Bf5 23. Rd4 h6 24. Bd8 Qb8 25. Rc1 Rxc1 26. Qxc1 Be6 27. Bc7 Qa8 28. Rd8+ Qxd8 29. Bxd8 1-0

[Event "Hessen-ch Seniors op 01st"]
[Site "Bad Sooden-Allendorf"]
[Date "2005.04.23"]
[Round "2"]
[White "Vogel, Wolfgang"]
[Black "Bielefeld, Guenter"]
[Result "1/2-1/2"]
[WhiteElo "1654"]
[BlackElo "1513"]
[PlyCount "52"]
[EventDate "2005.04.22"]
[EventType "swiss"]
[EventRounds "9"]
[EventCountry "GER"]
[SourceTitle "EXT 2007"]
[Source "ChessBase"]
[SourceDate "2006.11.23"]
[SourceVersion "1"]
[SourceVersionDate "2006.11.23"]
[SourceQuality "1"]

1. e4 c5 2. Nc3 e6 3. g3 a6 4. Bg2 Nc6 5. d3 g6 6. Be3 d6 7. Qd2 Bg7 8. Nge2 Nge7 9. 0-0 0-0 10. Bh6 e5 11. Bxg7 Kxg7 12. h3 Be6 13. Nd5 Bd7 14. g4 Nxd5 15. exd5 Ne7 16. Ng3 f5 17. gxf5 Nxf5 18. Nxf5+ Bxf5 19. f4 exf4 20. Rae1 Qd7 21. h4 Rae8 22. Rxe8 Rxe8 23. Rxf4 Qe7 24. Qf2 Qe1+ 25. Qxe1 Rxe1+ 26. Rf1 Rxf1+ 1/2-1/2

[Event "Hessen-ch Seniors op 01st"]
[Site "Bad Sooden-Allendorf"]
[Date "2005.04.22"]
[Round "1"]
[White "Pape, Manfred"]
[Black "Vogel, Wolfgang"]
[Result "1-0"]
[WhiteElo "2100"]
[BlackElo "1654"]
[PlyCount "67"]
[EventDate "2005.04.22"]
[EventType "swiss"]
[EventRounds "9"]
[EventCountry "GER"]
[SourceTitle "EXT 2007"]
[Source "ChessBase"]
[SourceDate "2006.11.23"]
[SourceVersion "1"]
[SourceVersionDate "2006.11.23"]
[SourceQuality "1"]

1. d4 Nf6 2. Nf3 g6 3. c4 Bg7 4. Nc3 d5 5. g3 0-0 6. Bg2 c6 7. 0-0 dxc4 8. Qc2 Nd5 9. Rd1 Nd7 10. a3 N7b6 11. e4 Nxc3 12. bxc3 Bg4 13. a4 f5 14. e5 Nd5 15. h3 Bxf3 16. Bxf3 Qa5 17. Bd2 e6 18. Rdb1 Rab8 19. Be2 f4 20. Bg4 fxg3 21. fxg3 Nc7 22. h4 Bxe5 23. dxe5 Qxe5 24. Bf4 Qc5+ 25. Kg2 e5 26. Bh6 Rfd8 27. Re1 Rd3 28. Qf2 Qd6 29. Rf1 Qe7 30. Rae1 Rd5 31. Qxa7 Re8 32. Qxb7 e4 33. Rf2 Rd3 34. Qxc6 1-0